000 00339nam a2200109Ia 4500
008 171204s9999 xx 000 0 und d
245 _aUnMarketing: Everything Has Changed and Nothing is Different
245 _cScott Stratten
260 _c2016
650 _xMARKETING MANAGEMENT
856 _uhttp://down.ebook777.com/049/9781119335009.pdf
999 _c347044
_d347044